Odpověď na diskusní příspěvek A. Chlebka a M. Jařabáče k referátu Petr Kantor, "Základní vazby celkového výparu a odtoku vody ze smrkových a bukových lesů /Vodohosp. čas., 39, 1991, č. 2, s. 165-168]

Bibliographic Details
Main Author: Kantor, Petr (Author)
Format: Article
Language:Czech
PhysicalDescription:Lit. 10 zázn. v češ., angl., nem., ruš.
Subjects:

MARC

LEADER 00000nab a2200000 a 4500
001 vtls000416099
003 SK-MaSNL
005 20260303102107.0
008 230120c1991 xo 0 cze
015 |a SNBRB19rr/mm-uuuuu 
035 |a CL0416224 
035 |a urn:nbn:sk:snk-ab9xb 
035 |a (urnnbn)urn:nbn:sk:snk:ar-a04ngg 
035 |a (uuid)cff6ab0a-edb4-4ddc-b3a9-451762e7aafd 
040 |a SNKBUCL  |b slo  |c SNKBUCL  |e AACR2 
041 0 |a cze 
044 |a xo  |c SK 
080 |a 630 11  |2 1981 
080 |a 556.1  |2 1981 
100 1 |a Kantor, Petr  |4 aut  |9 626014 
245 1 0 |a Odpověď na diskusní příspěvek A. Chlebka a M. Jařabáče k referátu Petr Kantor, "Základní vazby celkového výparu a odtoku vody ze smrkových a bukových lesů /Vodohosp. čas., 39, 1991, č. 2, s. 165-168]  |c Petr Kantor ; Alois Chlebek, Milan Jařabáč 
300 |b Lit. 10 zázn. v češ., angl., nem., ruš. 
600 1 7 |a Chlebek, Alois  |2 snkbucl  |9 785991 
600 1 7 |a Jařabáč, Milan  |2 snkbucl  |9 387226 
650 0 7 |a lesnícka hydrológia  |2 snkbucl  |9 517236 
650 0 7 |a lesné ekosystémy  |2 snkbucl  |9 1436 
650 0 7 |a lesy  |2 snkbucl  |9 1437 
650 0 7 |a režim vodný  |2 snkbucl  |9 847043 
650 0 7 |a vodná bilancia  |2 snkbucl  |9 72742 
655 7 |a články z novín a časopisov  |2 snkbucl  |9 267496 
773 0 |t Vodohospodársky časopis  |g Roč. 39, č. 2 (1991), s. 168-170 
850 |a Slovenská národná knižnica v Martine  |a MTA001 
852 |a SNK  |b KIS3GCP 
958 |a NB 
958 |a RK 
958 |a CZ 
958 |a OND 
958 |a EUIPO 
958 |a article27 
992 |a RBX 
999 |c 1840913  |d 1842843